Kulturen und Verhandlungen. Eine Abhandlung über die Einflussfaktoren der Kulturen auf die Verhandlungsart ausgewählter Länder diplomová práca

Guardado en:
Detalles Bibliográficos
Autor principal: Fodorová, Zuzana
Autor Corporativo: Fakulta aplikovaných jazykov EU v Bratislave. Katedra interkultúrnej komunikácie
Otros Autores: Helmová, Milena, 1954-
Formato: Libro
Lenguaje:alemán
Publicado: Bratislava 2018
Etiquetas: Agregar Etiqueta
Sin Etiquetas, Sea el primero en etiquetar este registro!

MARC

LEADER 00000nbm a2200000 4500
001 0244065
005 20180913142335.7
041 0 |a ger 
044 |a SK 
245 1 0 |a Kulturen und Verhandlungen. Eine Abhandlung über die Einflussfaktoren der Kulturen auf die Verhandlungsart ausgewählter Länder  |b diplomová práca  |c Zuzana Fodorová ; školiteľ: Milena Helmová 
264 1 |a Bratislava  |c 2018 
300 |a 73 s. 
100 1 |a Fodorová, Zuzana 
700 1 |a Helmová, Milena, 1954- 
710 2 |a Fakulta aplikovaných jazykov EU v Bratislave. Katedra interkultúrnej komunikácie